000 00382nam a2200145 4500
245 _aThe moon and sixpence
100 _aMaugham,W. Somerset
260 _aHarmondsworth
_bPenguin Books
_c1944
300 _a216p.; 22cm. -.
490 _aPenguin books
500 _a(reprinted 1970 )
082 _a823.8
_bMAU
650 _aMaugham , W. Somerset - Fiction
650 _aEnglish fiction
999 _c6701
_d6701